Il Concilio Vaticano II : (Record n. 17106)
[ formato base ]
| 000 -LEADER | |
|---|---|
| fixed length control field | 00984nam a2200205 i 4500 |
| 003 - CONTROL NUMBER IDENTIFIER | |
| control field | IT-RoINE |
| 005 - DATE AND TIME OF LATEST TRANSACTION | |
| control field | 20220325062542.0 |
| 008 - FIXED-LENGTH DATA ELEMENTS--GENERAL INFORMATION | |
| fixed length control field | 031003s1965 it r 000 | ita d |
| 040 ## - CATALOGING SOURCE | |
| Original cataloging agency | PUG |
| Modifying agency | IT-RoINE |
| 245 03 - TITLE STATEMENT | |
| Title | Il Concilio Vaticano II : |
| Remainder of title | cronache del Concilio Vaticano II, edite da la Civiltà Cattolica / |
| Statement of responsibility, etc | a cura di Giovanni Caprile, S.I. |
| 260 ## - PUBLICATION, DISTRIBUTION, ETC. (IMPRINT) | |
| Place of publication, distribution, etc | Roma : |
| Name of publisher, distributor, etc | La Civiltà Cattolica, |
| Date of publication, distribution, etc | 1965-1969. |
| 300 ## - PHYSICAL DESCRIPTION | |
| Extent | 5 v. en 6 ; |
| Dimensions | 24 cm. |
| 336 ## - CONTENT TYPE | |
| Source | rdacontent |
| Content type term | text |
| 337 ## - MEDIA TYPE | |
| Source | rdamedia |
| Media type term | unmediated |
| 338 ## - CARRIER TYPE | |
| Source | rdacarrier |
| Carrier type term | volume |
| 505 0# - FORMATTED CONTENTS NOTE | |
| Formatted contents note | v. 1,1: L'annunzio e la preparazione, 1959- 1962: pt. prima, 1959-1960 -- v. 1,2: L'annunzio e la preparazione, 1959- 1962: pt. seconda, 1961-1962-- v. 2: ll primo periodo, 1962-1963 -- v. 3: Il secondo periodo, 1963-1964 -- v. 4: Il terzo periodo, 1964-1965 -- v. 5: Il quarto periodo, 1965. |
| 611 20 - SUBJECT ADDED ENTRY--MEETING NAME | |
| Meeting name or jurisdiction name as entry element | Concilio Vaticano |
| Number of part/section/meeting | (2º. |
| Date of meeting | 1962-1965) |
| 9 (RLIN) | 3670 |
| 700 1# - ADDED ENTRY--PERSONAL NAME | |
| Personal name | Caprile, Giovanni, |
| Titles and other words associated with a name | S.I., |
| Dates associated with a name | 1917-1993 |
| 9 (RLIN) | 34160 |
| 942 ## - ADDED ENTRY ELEMENTS (KOHA) | |
| Item type | Monografías |
| Withdrawn status | Lost status | Damaged status | Not for loan | Home library | Current library | Date acquired | Total Checkouts | Full call number | Barcode | Date last seen | Price effective from | Koha item type | Public note |
|---|---|---|---|---|---|---|---|---|---|---|---|---|---|
| Iglesia Nacional Española en Roma | Iglesia Nacional Española en Roma | 02/05/2017 | CON 10.1(1) | 40197 | 02/05/2017 | 02/05/2017 | Monografías | v. 1,1: L'annunzio e la preparazione, Pt..1, 1959-1960 | |||||
| Iglesia Nacional Española en Roma | Iglesia Nacional Española en Roma | 02/05/2017 | CON 10.1(2) | 40198 | 02/05/2017 | 02/05/2017 | Monografías | v. 1,2: L'annunzio e la preparazione, Pt.2, 1961-1962- | |||||
| Iglesia Nacional Española en Roma | Iglesia Nacional Española en Roma | 02/05/2017 | CON 10.2 | 40199 | 02/05/2017 | 02/05/2017 | Monografías | v. 2: ll primo periodo, 1962-1963 | |||||
| Iglesia Nacional Española en Roma | Iglesia Nacional Española en Roma | 02/05/2017 | CON 10.3 | 40200 | 02/05/2017 | 02/05/2017 | Monografías | v. 3: Il secondo periodo, 1963-1964 | |||||
| Iglesia Nacional Española en Roma | Iglesia Nacional Española en Roma | 02/05/2017 | CON 10.4 | 40201 | 02/05/2017 | 02/05/2017 | Monografías | v. 4: Il terzo periodo, 1964-1965 | |||||
| Iglesia Nacional Española en Roma | Iglesia Nacional Española en Roma | 02/05/2017 | CON 10.5 | 40202 | 02/05/2017 | 02/05/2017 | Monografías | v. 5: Il quarto periodo, 1965 |